| 000 | 00544nam a2200181Ia 4500 | ||
|---|---|---|---|
| 005 | 20250508152951.0 | ||
| 008 | 008 250505s9999 xx 000 0 eng d | ||
| 037 | _aTextual | ||
| 040 |
_aFEDL _beng _cFEDL |
||
| 041 |
_aeng _2eng |
||
| 084 |
_a371.33306, NCE _qFEDL |
||
| 245 | 0 | _aRadio rural forums in Delhi state : Report of a survey in 1961 | |
| 245 | 0 | _cNational Council of Educational Research and Training | |
| 300 | _a23p. | ||
| 546 | _aWeeded out | ||
| 942 |
_cTEXL _h371.33306, NCE |
||
| 999 |
_c1339888 _d1339888 |
||